Регионална библиотека "Любен Каравелов" - Русе

Приключенията на един китаец (Запис номер 424812)

MARC детайли
000 -Лидер
Контролно поле с фиксирана дължина 00863nam a2200229 a 4500
003 - Код на организацията, давaща контролен номер
Контролно поле BLK
005 - Дата и час на последна редакция
Контролно поле 20231219090849.0
008 - Елементи от данни с фиксирана дължина
fixed length control field 190205b bu ||||| |||| 00| 0 bu d
040 ## - Източник на каталожния запис
Идентификатор на билиотеката - собственик на записа BLK
041 ## - Код за език
Код за езика на текст/звукозапис или на отделно заглавие Български
Код за езика КДБФ Български
080 ## - УДК
Текстов определител УДК Френска литература
УДК код - определител по УДК 821.133.1
УДК определител -31
УДК - код + определител 821.133.1-31
100 ## - Редна дума - Автор
Автор Верн, Жул
R(LIN) 263632
139 ## - Редно поле
Редна дума Верн, Жул
245 ## - Сведения за заглавието
Заглавие Приключенията на един китаец
Подзаглавни данни Роман
Редно поле (дума) Жул Верн ; прев. [от рус.] Цветан Минков
260 ## - Област на издателските данни
9 (RLIN) 215560
Място на издаване, разпространение и проч. София
Име на издателя, разпространителя и проч. Иван Г. Игнатов и синове
Година на издаване 1930
300 ## - Физическа характеристика
Страници 149 с.
Размери/Мащаб 20 см
380 ## - Жанр
Жанр Худож. лит.
700 ## - Други автори (авторска отговорност)
9 (RLIN) 1121
Лично име Минков, Цветан Николов
Автороска отговорност (Описва отношението между автора и произведението) прев. от рус.
852 ## - Местоположение
Форматна сигнатура Цб 8.200.2257
Фондова буква Основен фонд - ползва се само за читалня
999 ## - СИСТЕМНИ КОНТРОЛНИ НОМЕРА
Koha biblionumber 424812
Koha biblioitemnumber 424812
942 ## - АРТИКУЛИ
Вид на библиотечния материал Книги
Скрит в OPAC Не
Периодичен библиозапис Да
944 ## - СЪЗДАВАНЕ И РЕДАКЦИЯ на ЗАПИСА
Дата на регистрацията/редакция 2021-07-22
Служител, извършил регистрацията/редакцията 30560
Статус, дата на статуса Геновева Генчева
Наличности
Код за отписване Код за изгубен артикул Източник на класификационната схема Код за повреда Коз за рестрикции Код за отдаване Артикулен № Име на библиотеката - собственик Име на библиотеката, в която се намира в момента Статус (Текущо местоположение) Дата на вписване в системата Местоположение - отдел Цена в лева Инвентарен номер Систематично азбучна сигнатура Баркод Цена в евро Служебен тип на артикула
  Не е изгубен Universal Decimal Classification Не е повреден само за читалня ползва се в читалня 844320 Регионална библиотека "Любен Каравелов" Русе Регионална библиотека "Любен Каравелов" Русе Хранилище 2021-07-23 Основен фонд - ползва се само за читалня 0.12 2257 Цб 8.200.2257 900000071070 0.06 Книги
Vip Innovations Ltd, Rousse, Bulgaria 2025